00849nam a2200217 i 4500001000300000245010100003260003300104300002100137500006500158651003300223651004800256700004100304710004200345710004200387020001500429040000800444041000700452080003300459008004100492856009800533bg00aO naprawę III Rzeczypospolitej /cpod red. Aleksandra Nelickiego ; Instytut Spraw Publicznych. aKraków :b"Platan",c1998. a272 s. ;c21 cm. aU góry s. tyt. : Program reformy administracji publicznej. 9aPolskaxpolitykayod 1989 r. 9aPolskaxsocjologiaxzagadnieniayod 1989 r.1 aNELICKI, Aleksanderd(1958- ).eRed. 0aInstytut Spraw Publicznych (Warszawa) 0aFundacja Spraw Publicznych (Warszawa) a8385222278 cBPK0 apl a32:316.356.4](438)"1989/..." s pl f |000 0 pol  uhttp://koha.tu.koszalin.pl/cgi-bin/koha/opac-detail.pl?biblionumber=39144yKatalog online BPK